000
00333nam a2200133Ia 4500
008
240624s9999 xx 000 0 und d
041
_a
eng
082
_a
155.2 HAR
100
_a
HARFORD TIM
245
_a
ADAPT WHY SUCCESS ALWAYS STARTS WITH FAI
260
_c
2011
_a
New Delhi
_b
Little Brown
300
_a
320 : p.
365
_c
RS
_b
25
999
_c
17288
_d
17288